Selen (VI)-Sauerstoff-Verbindungen /

Uložené v:
Podrobná bibliografia
Hlavný autor: Dostál, Karel, 1922-2000 (Author)
Médium: Kniha
Jazyk:German
Czech
Vydané: [Brno] : Univerzita J. E. Purkyně v Brně, 1977.
Vydanie:Vydání 1.
Edícia:Folia Facultatis scientiarum naturalium Universitatis Purkynianae Brunensis tomus 18, opus 5.
Chemia 13.
ISBN: (brož.)
Fyzický popis: 63 strán : ilustrácie.
Tagy: Pridať tag
Žiadne tagy, Buďte prvý kto otaguje tento záznam!

MARC

LEADER 00000nam a22000007a 4500
001 000543708
005 20170604095631.0
008 050506s1977 xr a e 000 0 ger d
020 |a (brož.)  |c Kčs 8,50 
040 |a SVKKK  |b slo  |c SVKKK  |e AACR2 
041 0 |a cze 
044 |a xr  |c CZ 
100 1 |a Dostál, Karel,  |d 1922-2000  |4 aut 
245 1 0 |a Selen (VI)-Sauerstoff-Verbindungen /  |c Karel Dostál. 
250 |a Vydání 1. 
260 |a [Brno] :  |b Univerzita J. E. Purkyně v Brně,  |c 1977. 
300 |a 63 strán :  |b ilustrácie. 
490 1 |a Folia Facultatis scientiarum naturalium Universitatis Purkynianae Brunensis  |v tomus 18, opus 5.  |a Chemia  |v 13 
830 0 |a Folia Facultatis scientiarum naturalium Universitatis Purkynianae Brunensis  |v tomus 18, opus 5. 
830 0 |a Chemia  |v 13. 
910 |a svkkk 
998 |a BK 
090 |g SCKHL  |k Sklad Pribinova 1. posch.  |a IV.115001  |j 639973  |i 543708-10  |s Absenčne